[Event "P-4713"]
[Site "IECC email"]
[Date "2011.06.25"]
[Round "?"]
[White "Philips, Justin"]
[Black "Kiddell, Tim"]
[Result "0-1"]
[WhiteElo "1591"]
[BlackElo "1714"]
[PlyCount "56"]
[EventDate "2011.??.??"]
[EventType "tourn (corr)"]
[SourceTitle "Telechess CBM 149"]
[Source "ChessBase"]
[SourceDate "2012.07.17"]
[SourceVersion "1"]
[SourceVersionDate "2012.07.17"]
[SourceQuality "1"]
[WhiteTeam "India"]
[BlackTeam "England"]
[WhiteTeamCountry "IND"]
[BlackTeamCountry "ENG"]

1. c4 c5 2. Nc3 g6 3. g3 Bg7 4. Bg2 Nc6 5. Nf3 d6 6. 0-0 e5 7. d3 Nge7 8. Bd2 0-0 9. a3 a5 10. Ng5 h6 11. Nf3 Be6 12. Rb1 b6 13. Qc2 d5 14. Rbd1 d4 15. Nb5 Qd7 16. e3 dxe3 17. Bxe3 Rad8 18. Nc3 f5 19. Bc1 f4 20. Qb3 Rb8 21. Qb5 Bg4 22. Nd5 Nxd5 23. cxd5 Qxd5 24. Nxe5 Qxe5 25. Bxf4 Rxf4 26. gxf4 Qh5 27. Qb3+ c4 28. Qxc4+ Kh8 0-1

[Event "IECC KO-5078"]
[Site "IECC email"]
[Date "2011.01.12"]
[Round "?"]
[White "Jordaan, Wayne"]
[Black "Kiddell, Tim"]
[Result "1/2-1/2"]
[WhiteElo "1822"]
[BlackElo "1746"]
[PlyCount "92"]
[EventDate "2011.??.??"]
[EventType "match (corr)"]
[EventRounds "2"]
[SourceTitle "Telechess CBM 165"]
[Source "ChessBase"]
[SourceDate "2015.03.11"]
[SourceVersion "1"]
[SourceVersionDate "2015.03.11"]
[SourceQuality "1"]
[WhiteTeam "South Africa"]
[BlackTeam "England"]
[WhiteTeamCountry "RSA"]
[BlackTeamCountry "ENG"]

1. d4 Nf6 2. c4 e6 3. Nc3 Bb4 4. e3 b6 5. Nge2 Ba6 6. a3 Bxc3+ 7. Nxc3 d5 8. b3 0-0 9. Be2 dxc4 10. bxc4 Nc6 11. Qa4 Na5 12. 0-0 Qd7 13. Qxd7 Nxd7 14. Nb5 Rfc8 15. Rb1 c5 16. Bd2 Bxb5 17. Rxb5 Nb7 18. Rb2 Rd8 19. Bc3 Rac8 20. d5 exd5 21. cxd5 Nd6 22. Rd1 c4 23. g4 Re8 24. Rc2 Nc5 25. h4 b5 26. g5 Re4 27. h5 Rh4 28. Be5 Nce4 29. Bf4 a5 30. Rd4 Rxf4 31. exf4 Nc5 32. Rd1 Re8 33. f3 g6 34. Kf2 gxh5 35. Rh1 Nf5 36. Ra2 Na4 37. Rd2 c3 38. Rdd1 Nb2 39. Bxb5 Rd8 40. Rc1 Rxd5 41. Be2 Rc5 42. Rxh5 c2 43. Rh6 Nxh6 44. gxh6 f5 45. Ke3 Kf7 46. Kd2 Nc4+ 1/2-1/2

[Event "IECC CL4-2010.08 email"]
[Site "IECC email"]
[Date "2010.11.03"]
[Round "?"]
[White "Kiddell, Tim"]
[Black "Basson, Heinrich"]
[Result "1-0"]
[WhiteElo "1685"]
[BlackElo "1676"]
[PlyCount "85"]
[EventDate "2010.??.??"]
[EventType "tourn (corr)"]
[EventRounds "4"]
[SourceTitle "Telechess CBM 145"]
[Source "Chessbase"]
[SourceDate "2011.11.11"]
[SourceVersion "1"]
[SourceVersionDate "2011.11.11"]
[SourceQuality "1"]
[WhiteTeam "England"]
[BlackTeam "South Africa"]
[WhiteTeamCountry "ENG"]
[BlackTeamCountry "RSA"]

1. d4 d5 2. c4 c6 3. Nf3 Nf6 4. Nc3 Bf5 5. cxd5 cxd5 6. Qb3 Qb6 7. Nxd5 Nxd5 8. Qxd5 e6 9. Qb3 Nc6 10. Bd2 Qxb3 11. axb3 Bd6 12. e3 0-0 13. Be2 Bc2 14. Bc4 Be4 15. Ke2 Rfe8 16. Ne1 Ne7 17. f3 Bg6 18. Nd3 a6 19. Nc5 Rab8 20. b4 Red8 21. b5 e5 22. bxa6 bxa6 23. b4 exd4 24. e4 Nc6 25. Nxa6 Rb6 26. Ra4 Ne5 27. Bd5 Nd7 28. Ra5 Nf6 29. Bc4 Rc8 30. Nc5 h5 31. h3 h4 32. Rha1 Rbc6 33. Ra6 Bxc5 34. Rxc6 Rxc6 35. bxc5 Rxc5 36. Kd3 Rc8 37. Kxd4 Rd8+ 38. Ke3 Re8 39. Ra4 Bf5 40. Be1 g5 41. Bc3 Nh7 42. Ra7 Bg6 43. Bd5 1-0

[Event "IECC M1-2010.T070"]
[Site "IECC email"]
[Date "2010.08.28"]
[Round "?"]
[White "Kiddell, Tim"]
[Black "Martin, Dennis"]
[Result "1-0"]
[WhiteElo "1634"]
[BlackElo "1568"]
[PlyCount "95"]
[EventDate "2010.??.??"]
[EventType "match (corr)"]
[EventRounds "2"]
[SourceTitle "Telechess CBM 145"]
[Source "Chessbase"]
[SourceDate "2011.11.11"]
[SourceVersion "1"]
[SourceVersionDate "2011.11.11"]
[SourceQuality "1"]
[WhiteTeam "England"]
[BlackTeam "US of America"]
[WhiteTeamCountry "ENG"]
[BlackTeamCountry "USA"]

1. e4 Nf6 2. e5 Nd5 3. d4 e6 4. c4 Nb6 5. Nc3 a6 6. c5 Nd5 7. Nxd5 exd5 8. Qb3 d6 9. Qxd5 c6 10. Qc4 dxc5 11. Nf3 b5 12. Qc3 cxd4 13. Nxd4 Qd5 14. f4 Be7 15. Nf3 0-0 16. Bd3 Rd8 17. Bc2 b4 18. Qb3 Bc5 19. Ke2 Be6 20. Qxd5 cxd5 21. f5 Bd7 22. Rd1 Bb5+ 23. Bd3 Bxd3+ 24. Rxd3 d4 25. Bf4 Rd5 26. Rdd1 Nc6 27. Kd3 Rad8 28. Rac1 f6 29. Re1 fxe5 30. Nxe5 Na5 31. g4 Bd6 32. Bg3 b3 33. a3 Bb8 34. Nf3 Bxg3 35. hxg3 Nb7 36. Re5 R5d7 37. Rce1 a5 38. Re8+ Rxe8 39. Rxe8+ Kf7 40. Rc8 Kf6 41. Rc6+ Rd6 42. Rxd6+ Nxd6 43. Kxd4 a4 44. Kc5 Ne4+ 45. Kb4 Nxg3 46. Kxa4 h5 47. gxh5 Nxf5 48. Kxb3 1-0

[Event "IECC M1-2010.T070"]
[Site "IECC email"]
[Date "2010.08.28"]
[Round "?"]
[White "Martin, Dennis"]
[Black "Kiddell, Tim"]
[Result "0-1"]
[WhiteElo "1573"]
[BlackElo "1646"]
[PlyCount "88"]
[EventDate "2010.??.??"]
[EventType "match (corr)"]
[EventRounds "2"]
[SourceTitle "Telechess CBM 145"]
[Source "Chessbase"]
[SourceDate "2011.11.11"]
[SourceVersion "1"]
[SourceVersionDate "2011.11.11"]
[SourceQuality "1"]
[WhiteTeam "US of America"]
[BlackTeam "England"]
[WhiteTeamCountry "USA"]
[BlackTeamCountry "ENG"]

1. e4 c5 2. Nf3 e6 3. Nc3 Nc6 4. d4 cxd4 5. Nxd4 Qc7 6. Ndb5 Qb8 7. a3 a6 8. Nd4 Qc7 9. Be3 b5 10. Ncxb5 axb5 11. Nxb5 Qb8 12. c4 Nf6 13. Bd3 Ne5 14. f4 Nxd3+ 15. Qxd3 Ng4 16. Bd2 Ba6 17. Qe2 Bxb5 18. cxb5 Nf6 19. a4 Bc5 20. a5 Qb7 21. a6 Qxe4 22. Qxe4 Nxe4 23. Ra4 Nd6 24. Bb4 Bxb4+ 25. Rxb4 Ke7 26. Kd2 Rhb8 27. Ra1 Rxb5 28. Kc3 Ra7 29. g4 Rc5+ 30. Kd4 Rc6 31. Rba4 Nb5+ 32. Ke4 Nc7 33. Kd4 Raxa6 34. Rxa6 Rxa6 35. Rxa6 Nxa6 36. h4 Nb4 37. Ke4 d5+ 38. Ke3 Kd6 39. Kd4 f6 40. h5 e5+ 41. fxe5+ fxe5+ 42. Kc3 Kc5 43. Kd2 d4 44. Kd1 Kc4 0-1